000 00304nam a2200121Ia 4500
005 20260326100044.0
008 260326s9999||||xx |||||||||||||| ||und||
100 _aYukawa, Osamu
245 0 _aKatsura detached palace /
_cOsamu Yukawa
260 _bIkubunsha
650 _aARQUITECTURA REGIONAL
942 _cBK
999 _c7121
_d7121